| 000 | 01062nam a22003017a 4500 | ||
|---|---|---|---|
| 001 | 6616 | ||
| 003 | FISKH | ||
| 005 | 20250825132626.0 | ||
| 008 | 250513b cb ||||| |||| 00| 0 eng d | ||
| 020 | _a9780545569170 | ||
| 040 |
_aFISKH _beng _cFISKH _dFISKH |
||
| 050 | _a PZ7.V4878 G | ||
| 082 | _a 813.6 | ||
| 100 | _aVelasquez, Eric | ||
| 245 |
_aGrandma's gift / _cEric Velasquez |
||
| 250 | _aThis edition first published in 2010 | ||
| 260 |
_aNew York : _bScholastic, _c2010 |
||
| 300 |
_a20 unnumbered pages : _bcolor illustrations ; _c23 cm |
||
| 505 | _aL | ||
| 520 | _aThe author describes Christmas at his grandmother's apartment in Spanish Harlem the year she introduced him to the Metropolitan Museum of Art and Diego Velazquez's portrait of Juan de Pareja, which has had a profound and lasting effect on him. | ||
| 521 | 8 |
_a510
_bLexile |
|
| 521 | 8 |
_aL
_bRaz-Plus |
|
| 650 |
_2Multicultural _aMuseum |
||
| 650 |
_2Hispanic _aPuerto Rican |
||
| 700 |
_aGastongguay, Nicole _dillustrator |
||
| 942 |
_2ddc _cBK _n0 |
||
| 999 |
_c6616 _d6616 |
||